01905nam a2200373 a 450000100100000000500170001000800410002702000150006804000250008308200270010810000380013524500740017325000120024726000450025930000210030449000390032550000640036450400320042859000260046065000370048665000480052365100320057165100460060365100480064971000580069783000450075591000380080095201400083895201400097895201400111895201310125895201250138999900170151400001499020200929163932.0100128s2008 dr 001 0 spa d a9993422681 aDO-SdBNPbspacBNPHU a320.97295bR457p, 20081 aReyes Cerda, Nelson,b1943-9930110aPuerto Rico :bsoberano, libre e independiente /cNelson Reyes Cerda. a2ª ed. aSanto Domingo :bEl Nuevo Diario,c2008. a241 p. ;c21 cm.1 aEstudios de Derecho Constitucional aIncluye datos biográficos del autor en la contracubierta. aBibliografía : p. 239-240 aInventariado, 2018/LP 4aNacionalismozPuerto Rico933246 4aEstado libre asociado de puerto rico933931 4aPuerto RicoxHistoria91079 4aPuerto RicoxPolítica Y Gobierno912599 4aPuerto RicoxHistoria Constitucional9297292 aFundación Educación Constitucional (FECON)933932 0aEstudios de Derecho Constitucional99304 aValidado. Control de calidad EMS. 001054708DSaGRbGRcHDd2010-01-28iLF1l0o320.97295 R457p, 2008p14990-30r2020-06-25te. 3w2020-06-25yLFDSZPréstamo en sala 001054708DSaGRbGRcHDd2010-01-28iLF1l0o320.97295 R457p, 2008p14990-40r2020-06-25te. 4w2020-06-25yLFDSZPréstamo en sala 001054708DSaGRbGRcHDd2010-01-28iLF1l0o320.97295 R457p, 2008p14990-50r2020-06-25te. 5w2020-06-25yLFDSZPréstamo en sala 0010718PDaPDbPDcHDd2010-01-28iLF1l0o320.97295 R457p, 2008p14990-10r2020-06-25te. 2w2020-06-25yLFPDZNo se presta 0010718PDaPDbPDcHDd2010-01-28iLF1l0o320.97295 R457p, 2008p14990-20r2020-06-25w2020-06-25yLFPDZNo se presta c14563d14563